[Event "2021 Summer Server Series, S10528"]
[Site "CCLA"]
[Date "2021.08.21"]
[Round "?"]
[White "Sanchez, David A."]
[Black "Gunning, Edward E."]
[Result "1-0"]
[WhiteElo "1452"]
[BlackElo "1471"]

1. d4 d5 2. c4 Nf6 3. Nc3 e6 4. Bg5 Bb4 5. Nf3 Nc6 6. cxd5 exd5 7. e3 Qe7 
8. Bd3 Bg4 9. O-O O-O 10. Re1 h6 11. Bxf6 Qxf6 12. Nxd5 Bxf3 13. Nxf6+ 1-0

[Event "2021 Summer Server Series, S10528"]
[Site "CCLA"]
[Date "2021.08.21"]
[Round "?"]
[White "Sanchez, David A."]
[Black "Taylor, Ronald D."]
[Result "0-1"]
[WhiteElo "1452"]
[BlackElo "1348"]

1. d4 Nf6 2. c4 g6 3. Nc3 d5 4. g3 dxc4 5. Bg2 Nc6 6. e3 Bd7 7. Nf3 Bg7 8.
 O-O a6 9. Ne5 Nxe5 10. dxe5 Ng4 11. Bxb7 Ra7 0-1

[Event "2021 Summer Server Series, S10528"]
[Site "CCLA"]
[Date "2021.08.21"]
[Round "?"]
[White "Sanchez, David A."]
[Black "Haines, John"]
[Result "1-0"]
[WhiteElo "1452"]
[BlackElo "1442"]

1. d4 Nf6 2. c4 g6 3. Nc3 Bg7 4. g3 O-O 5. Bg2 d6 6. Nf3 Nbd7 7. O-O e5 8.
 e4 Ne8 9. Re1 exd4 10. Nxd4 Ne5 11. b3 Bd7 12. f4 Nc6 13. Nxc6 Bxc6 14. 
Bb2 a6 15. e5 Bxg2 16. Kxg2 Qd7 17. Nd5 Rd8 18. Nf6+ Bxf6 19. exf6 Qf5 20.
 Rc1 d5 21. Ba3 Nd6 22. Qxd5 Qxd5+ 23. cxd5 Rfe8 24. Kf2 Ne4+ 25. Kf3 Nxf6
26. Be7 1-0

[Event "2021 Summer Server Series, S10528"]
[Site "CCLA"]
[Date "2021.08.21"]
[Round "?"]
[White "Gunning, Edward E."]
[Black "Sanchez, David A."]
[Result "1/2-1/2"]
[WhiteElo "1471"]
[BlackElo "1452"]

1. e4 c6 2. Nc3 d5 3. d4 g6 4. g3 Bg7 5. Nge2 dxe4 6. Bg2 Nf6 7. Nxe4 Nbd7
8. O-O Nxe4 9. Bxe4 O-O 10. c3 Nf6 11. Qd3 Nxe4 12. Qxe4 Bf5 13. Qh4 e5 
14. Qxd8 Rfxd8 15. Be3 Bd3 16. Rfe1 Bxe2 17. Rxe2 exd4 18. cxd4 Bxd4 19. 
Bxd4 Rxd4 20. Rae1 Kf8 21. Kg2 Rd7 22. b3 Rad8 23. h4 Rd2 24. f3 Rxe2+ 
1/2-1/2

[Event "2021 Summer Server Series, S10528"]
[Site "CCLA"]
[Date "2021.08.21"]
[Round "?"]
[White "Gunning, Edward E."]
[Black "Taylor, Ronald D."]
[Result "1-0"]
[WhiteElo "1471"]
[BlackElo "1348"]

1. e4 Nf6 2. Nc3 d5 3. d3 dxe4 4. d4 Nc6 5. Bb5 Bd7 6. Nge2 a6 7. Ba4 g6 
8. d5 Ne5 9. Qd4 Bxa4 10. Nxa4 Nc6 11. dxc6 Qxd4 12. Nxd4 O-O-O 13. cxb7+ 
Kxb7 14. Nc5+ Kb6 15. Na4+ Ka5 16. Nc6+ Kxa4 17. Nxd8 1-0

[Event "2021 Summer Server Series, S10528"]
[Site "CCLA"]
[Date "2021.08.21"]
[Round "?"]
[White "Gunning, Edward E."]
[Black "Haines, John"]
[Result "1-0"]
[WhiteElo "1471"]
[BlackElo "1442"]

1. e4 e6 2. d4 d5 3. Nc3 Bb4 4. Bd2 Nf6 5. e5 Ne4 6. Nxe4 Nc6 7. Bxb4 Nxb4
8. Qd2 Qe7 9. Nc5 Nc6 10. Bb5 O-O 11. Bxc6 bxc6 12. Nf3 a5 13. O-O Ba6 14.
 Rfe1 Rfb8 15. b3 h6 16. g3 Rb6 17. Qxa5 Qd8 18. Qd2 Ra7 19. a4 Rb8 20. 
Nxa6 Rxa6 21. Re3 Qe7 22. Rc3 Qb4 23. Qd3 Qb6 24. g4 Ra5 25. h4 c5 26. 
dxc5 Rxc5 27. Rxc5 Qxc5 28. g5 1-0

[Event "2021 Summer Server Series, S10528"]
[Site "CCLA"]
[Date "2021.08.21"]
[Round "?"]
[White "Taylor, Ronald D."]
[Black "Sanchez, David A."]
[Result "1-0"]
[WhiteElo "1348"]
[BlackElo "1452"]

1. e4 c6 2. c4 d5 3. d4 dxe4 4. Nc3 Nf6 5. Bg5 e6 6. Nxe4 Be7 7. Nf3 Nxe4 
8. Bxe7 Qxe7 9. Bd3 Ng5 10. Ne5 f6 11. Nf3 Nxf3+ 12. Qxf3 Qb4+ 13. Kf1 
Qxb2 14. Rb1 Qxa2 15. g3 Qa3 16. Kg2 Nd7 17. Bg6+ 1-0

[Event "2021 Summer Server Series, S10528"]
[Site "CCLA"]
[Date "2021.08.21"]
[Round "?"]
[White "Taylor, Ronald D."]
[Black "Gunning, Edward E."]
[Result "0-1"]
[WhiteElo "1348"]
[BlackElo "1471"]

1. e4 c5 2. c3 Nf6 3. e5 Nd5 4. Nf3 e6 5. d4 b6 6. Bc4 Nc7 7. Be3 d5 8. 
Bb3 c4 9. Ba4+ b5 10. Bc2 Nc6 11. O-O Be7 12. Nbd2 O-O 13. Bxh7+ Kxh7 14. 
Ng5+ Bxg5 15. Qh5+ Kg8 16. Bxg5 Ne7 17. Nf3 f6 18. Bd2 Ne8 19. Nh4 g5 20. 
Ng6 Nxg6 21. Qxg6+ Ng7 22. Rae1 Qe7 23. f4 Qf7 24. Qxf7+ Rxf7 25. exf6 
Rxf6 26. fxg5 Rxf1+ 27. Rxf1 Nf5 28. g4 Nh4 0-1

[Event "2021 Summer Server Series, S10528"]
[Site "CCLA"]
[Date "2021.08.21"]
[Round "?"]
[White "Taylor, Ronald D."]
[Black "Haines, John"]
[Result "0-1"]
[WhiteElo "1348"]
[BlackElo "1442"]

1. e4 e6 2. c4 d5 3. exd5 exd5 4. d4 Nf6 5. Nc3 Be7 6. Nf3 O-O 7. Be2 Bg4 
8. O-O Nc6 9. cxd5 Nxd5 10. h3 Be6 11. Nxd5 Bxd5 12. Be3 a6 13. Ne5 Bf6 
14. Nxc6 Bxc6 15. Qd2 Bd5 16. Rac1 c6 17. b4 Re8 18. a4 Qd7 19. Rfe1 Re7 
20. Bd3 Be4 21. Bxe4 Rxe4 22. a5 Rae8 23. Rcd1 Qd5 24. f3 R4e6 25. Bf2 h6 
26. Kf1 Qc4+ 27. Kg1 Re2 28. Rc1 Rxe1+ 29. Rxe1 Rxe1+ 30. Qxe1 Kf8 31. Qd2
Qd5 32. Be3 Qh5 33. Kh2 Qd5 34. g3 Qxf3 35. Qf2 Qxf2+ 36. Bxf2 Ke7 37. g4 
Ke6 38. Kg3 Kd5 0-1

[Event "2021 Summer Server Series, S10528"]
[Site "CCLA"]
[Date "2021.08.21"]
[Round "?"]
[White "Haines, John"]
[Black "Sanchez, David A."]
[Result "1-0"]
[WhiteElo "1442"]
[BlackElo "1452"]

1. e4 c6 2. d4 d5 3. Nc3 dxe4 4. Nxe4 Nd7 5. Nf3 Ngf6 6. Bd3 e6 7. O-O Be7
8. Bd2 Nxe4 9. Bxe4 Nf6 10. Bd3 O-O 11. Qe2 Qc7 12. Bg5 Nd5 13. Bxe7 Qxe7 
14. Qd2 f6 15. Rfe1 h6 16. Nh4 1-0

[Event "2021 Summer Server Series, S10528"]
[Site "CCLA"]
[Date "2021.08.21"]
[Round "?"]
[White "Haines, John"]
[Black "Gunning, Edward E."]
[Result "1-0"]
[WhiteElo "1442"]
[BlackElo "1471"]

1. e4 c5 2. Nf3 Nc6 3. d4 cxd4 4. Nxd4 e5 5. Nb5 a6 6. Nd6+ Bxd6 7. Qxd6 
Nd4 8. Qxe5+ Ne6 9. Be2 d6 10. Qg3 g6 11. Be3 Nf6 12. Nc3 Nc5 13. f3 O-O 
14. O-O Nh5 15. Qf2 b6 16. Bh6 Re8 17. Be3 Bb7 18. Bc4 Nf6 19. Rfd1 Qe7 
20. Bg5 b5 21. Bd5 Rab8 22. Qh4 Ncd7 23. Bxb7 Rxb7 24. Nd5 Qe5 25. Nxf6+ 
Nxf6 26. Bxf6 Qe6 27. Rd5 h6 28. Rad1 Rd7 29. Bc3 Kh7 30. Qf6 1-0

[Event "2021 Summer Server Series, S10528"]
[Site "CCLA"]
[Date "2021.08.21"]
[Round "?"]
[White "Haines, John"]
[Black "Taylor, Ronald D."]
[Result "1/2-1/2"]
[WhiteElo "1442"]
[BlackElo "1348"]

1. e4 Nf6 2. e5 Nd5 3. d4 d6 4. c4 Nb6 5. exd6 cxd6 6. Nc3 g6 7. Be3 Bg7 
8. Be2 Nc6 9. Nf3 Bg4 10. b3 d5 11. c5 Nd7 12. O-O O-O 13. Rc1 Nf6 14. Nd2
Bxe2 15. Nxe2 e5 16. dxe5 Nxe5 17. Bd4 Ne4 18. Nxe4 dxe4 19. Be3 Ng4 20. 
Bf4 Re8 21. h3 Nf6 22. Re1 Rc8 23. Ng3 Bf8 24. Bg5 Be7 25. Bxf6 Bxf6 26. 
Qxd8 Rcxd8 27. Nxe4 Bg7 28. Nd6 Rxe1+ 29. Rxe1 Rd7 30. Kf1 Bc3 31. Re4 a5 
32. g3 Bb4 33. Nc4 Bxc5 34. Nxa5 b6 35. Nc4 b5 36. Ne3 Rd2 37. Re8+ Kg7 
38. Rc8 Bxe3 1/2-1/2

[Event "Summer Server Series, S10529"]
[Site "CCLA"]
[Date "2021.08.21"]
[Round "?"]
[White "Hodgkins, Neil C."]
[Black "Williams, Rufus H."]
[Result "1/2-1/2"]
[WhiteElo "1409"]
[BlackElo "1214"]

1. d4 e6 2. c4 d5 3. Nf3 Nf6 4. Bg5 Be7 5. e3 O-O 6. Bd3 b6 7. O-O Nc6 8. 
Nc3 Ba6 9. b3 Nb4 10. Ne5 h6 11. Bh4 Bb7 12. a3 Nxd3 13. Qxd3 a6 14. b4 c6
15. c5 bxc5 16. bxc5 Nh7 17. Bxe7 Qxe7 18. Rfe1 a5 19. Qc2 Nf6 20. Rab1 
Ra7 21. e4 Nd7 22. Nxd7 Qxd7 23. exd5 exd5 24. Re3 Qd8 25. Rbe1 Ba6 26. 
Ne2 Bc8 27. Nf4 Rb7 28. h3 Rc7 29. Nd3 Bf5 30. Qe2 Bxd3 31. Qxd3 Rc8 32. 
Re7 Rc7 33. Qe3 Rxe7 34. Qxe7 Qxe7 35. Rxe7 Rb8 36. Rc7 Rb1+ 37. Kh2 Rb3 
38. Rc8+ Kh7 39. Rxc6 Rxa3 40. Rd6 Rc3 41. Ra6 Rc4 42. Rxa5 Rxd4 43. c6 
Rc4 44. Rxd5 Rxc6 45. f4 Rc3 46. h4 g6 47. Rd7 Kg7 48. g3 h5 49. Rd6 Rb3 
1/2-1/2

[Event "Summer Server Series, S10529"]
[Site "CCLA"]
[Date "2021.08.21"]
[Round "?"]
[White "Hodgkins, Neil C."]
[Black "Jimenez, Jose"]
[Result "1-0"]
[WhiteElo "1409"]
[BlackElo "1112"]

1. e4 e5 2. Nf3 Nc6 3. Bc4 f6 4. O-O d6 5. d4 Nxd4 6. Nxd4 exd4 7. Qxd4 c5
8. Qd3 Ne7 9. Bf4 Ng6 10. Bg3 Be7 11. Nc3 Ne5 12. Bxe5 fxe5 13. Rab1 a6 
14. Nd5 Bg5 15. h3 b5 16. Bb3 c4 17. Bxc4 bxc4 18. Qxc4 Be6 19. Nc7+ Kd7 
20. Nxe6 Rc8 21. Qb3 Qe7 22. Nxg5 Qxg5 23. c3 Qd2 24. Rbd1 Qf4 25. Rfe1 g5
26. Re3 Rcf8 27. Re2 g4 28. hxg4 Qxg4 29. Qc2 Ke7 30. Rd3 h5 31. Rg3 Qf4 
32. Ree3 h4 33. Ref3 Qh6 34. Rh3 Rfg8 35. g3 Qh5 36. Qd3 Qg5 37. Kf1 Qc1+ 
38. Ke2 Qxb2+ 39. Qd2 Qb5+ 40. Ke3 Rd8 41. Rxh4 Rxh4 42. gxh4 d5 43. exd5 
Rxd5 44. Qc2 Qc5+ 45. Ke2 Qc4+ 46. Rd3 Ra5 47. Qb3 Qe4+ 48. Re3 Qf4 49. 
Qb7+ Ke6 50. Qb6+ 1-0

[Event "Summer Server Series, S10529"]
[Site "CCLA"]
[Date "2021.08.21"]
[Round "?"]
[White "Simonson, Jay"]
[Black "Williams, Rufus H."]
[Result "1-0"]
[WhiteElo "1365"]
[BlackElo "1214"]

1. e4 e6 2. d4 d5 3. exd5 exd5 4. Nf3 Nf6 5. Bd3 Be7 6. O-O O-O 7. Bg5 Nc6
8. Bxf6 Bxf6 9. h3 Nxd4 10. Nxd4 Bxd4 11. c3 Be5 12. Re1 Qd6 13. Qh5 Qh6 
14. Qxh6 gxh6 15. Rxe5 Be6 16. Nd2 c6 17. Rae1 Rad8 18. Rh5 d4 19. Rxh6 c5
20. Re4 dxc3 21. Re3 c2 22. Rg3+ 1-0

[Event "Summer Server Series, S10529"]
[Site "CCLA"]
[Date "2021.08.21"]
[Round "?"]
[White "Williams, Rufus H."]
[Black "Hodgkins, Neil C."]
[Result "0-1"]
[WhiteElo "1214"]
[BlackElo "1409"]

1. d4 Nf6 2. c4 d5 3. Nf3 e6 4. cxd5 Nxd5 5. Nc3 Bb4 6. Bd2 O-O 7. Rc1 Nc6
8. e3 a6 9. Be2 b5 10. O-O Re8 11. a3 Ba5 12. e4 Nxc3 13. Bxc3 Bxc3 14. 
bxc3 Ne7 15. Ne5 f6 16. Ng4 Bb7 17. Bf3 c6 18. Qd2 e5 19. Nxf6+ gxf6 20. 
Qh6 Ng6 21. Bd1 Bc8 22. Bc2 Qc7 23. Rcd1 Qg7 24. Qxg7+ Kxg7 25. h3 Bb7 26.
 g3 Rad8 27. Rfe1 Nf8 28. Bb3 Rd6 29. Re3 Red8 30. Rf3 Ng6 31. Rd2 exd4 
32. cxd4 Rxd4 33. Rxd4 Rxd4 34. Re3 Ne5 35. Kg2 c5 36. Bd5 Bxd5 37. exd5 
Rxd5 38. g4 c4 39. Kg3 Rd3 40. Kf4 Rxe3 41. fxe3 c3 0-1

[Event "Summer Server Series, S10529"]
[Site "CCLA"]
[Date "2021.08.21"]
[Round "?"]
[White "Williams, Rufus H."]
[Black "Simonson, Jay"]
[Result "1-0"]
[WhiteElo "1214"]
[BlackElo "1365"]

1. d4 d5 2. c4 c6 3. cxd5 cxd5 4. Nc3 Nc6 5. Nf3 Nf6 6. e3 Bf5 7. Bb5 Qd7 
8. O-O h6 9. Ne5 Qc7 10. f4 e6 11. Re1 O-O-O 12. Bxc6 bxc6 13. Qa4 Bd6 14.
 Qa6+ Qb7 15. Qxc6+ Qxc6 16. Nxc6 Rd7 17. Nb5 Bb8 18. Bd2 Rb7 19. Rac1 Kd7
20. a4 a6 21. Na3 Rc8 22. Ne5+ Kd8 23. Rxc8+ Kxc8 24. Rc1+ Bc7 25. Ba5 Ne8
26. Bxc7 Rxc7 27. Rxc7+ Nxc7 28. Nxf7 Bg6 29. Ne5 Bf5 30. b4 Kb7 31. a5 
Nb5 32. Nxb5 axb5 33. Kf2 Ka6 34. Kg3 g6 35. Kh4 Be4 36. g4 Bd3 37. Nxd3 
Ka7 38. Ne5 Ka6 39. Nxg6 Ka7 40. Kh5 Ka6 41. Kxh6 Ka7 42. Ne7 1-0

[Event "Summer Server Series, S10529"]
[Site "CCLA"]
[Date "2021.08.21"]
[Round "?"]
[White "Williams, Rufus H."]
[Black "Jimenez, Jose"]
[Result "1-0"]
[WhiteElo "1214"]
[BlackElo "1112"]

1. d4 d5 2. c4 Nf6 3. Nf3 dxc4 4. Nc3 Bf5 5. Bf4 c6 6. e3 e6 7. Bxc4 b5 8.
 Bb3 Bb4 9. O-O O-O 10. h3 Nh5 11. a3 Nxf4 12. exf4 Bd6 13. Qd2 c5 14. 
Nxb5 Qb6 15. a4 Nc6 16. Rfe1 Na5 17. Ba2 h6 18. Rac1 Nc4 19. Bxc4 a6 20. 
Nxd6 Qxd6 21. a5 Rab8 22. g4 Bh7 23. Kg2 f5 24. Rxe6 Qc7 25. Rc6+ 1-0

[Event "Summer Server Series, S10529"]
[Site "CCLA"]
[Date "2021.08.21"]
[Round "?"]
[White "Jimenez, Jose"]
[Black "Hodgkins, Neil C."]
[Result "0-1"]
[WhiteElo "1112"]
[BlackElo "1409"]

1. d4 Nf6 2. Nf3 g6 3. c3 Bg7 4. e3 O-O 5. Bd3 d5 6. O-O b6 7. b3 Bg4 8. 
h3 Bd7 9. Ne5 Nc6 10. Nxc6 Bxc6 11. c4 e6 12. e4 dxe4 13. Be2 Re8 14. f3 
a6 15. Nc3 Bb7 16. d5 exd5 17. f4 c5 18. Be3 d4 19. a4 dxe3 20. a5 Qxd1 
21. Rfxd1 Rad8 22. axb6 Rd2 23. Rf1 Re6 24. Ra5 Nd7 25. Nd5 Rxe2 26. Nc3 
Bxc3 0-1

[Event "Summer Server Series, S10529"]
[Site "CCLA"]
[Date "2021.08.21"]
[Round "?"]
[White "Jimenez, Jose"]
[Black "Simonson, Jay"]
[Result "0-1"]
[WhiteElo "1112"]
[BlackElo "1365"]

1. d4 d5 2. Nf3 Nf6 3. e3 Bg4 4. h3 Bh5 5. Bd3 Bxf3 6. Qxf3 e6 7. O-O Bd6 
8. c4 O-O 9. c5 Be7 10. e4 dxe4 11. Bxe4 Qxd4 12. Be3 Qxb2 13. Nd2 Qb4 14.
 Nb3 Nxe4 15. a3 Qa4 16. Nd4 Nxc5 17. Qf4 Nd3 18. Qxc7 Re8 19. Rfb1 Na6 
20. Qxb7 Rab8 21. Qxa7 Rxb1+ 22. Rxb1 g6 23. Rb6 Qd1+ 24. Kh2 Nac5 25. Rb8
Rxb8 26. Qxb8+ Kg7 27. Qe5+ Nxe5 28. Nc6 Bd6 29. g4 Nf3+ 30. Kg2 Nh4# 0-1

[Event "Summer Server Series, S10529"]
[Site "CCLA"]
[Date "2021.08.21"]
[Round "?"]
[White "Jimenez, Jose"]
[Black "Williams, Rufus H."]
[Result "1-0"]
[WhiteElo "1112"]
[BlackElo "1214"]

1. d4 Nf6 2. e3 e6 3. Bd3 d5 4. Nf3 Nc6 5. O-O Bd6 6. Ne5 Nxe5 7. dxe5 
Bxe5 8. c3 O-O 9. Nd2 c5 10. c4 d4 11. e4 b6 12. Nf3 Bc7 13. e5 Nd7 14. 
Ng5 g6 15. Qg4 Bxe5 16. f4 Nf6 17. Qf3 Bd7 18. fxe5 h6 19. Qxf6 hxg5 20. 
Bxg5 Qxf6 21. Bxf6 Rfe8 22. Rf4 1-0

[Event "Summer Server Series, S10529"]
[Site "CCLA"]
[Date "2021.08.21"]
[Round "?"]
[White "Simonson, Jay"]
[Black "Jimenez, Jose"]
[Result "1-0"]
[WhiteElo "1365"]
[BlackElo "1112"]

1. e4 e5 2. Nf3 Nf6 3. d4 d6 4. dxe5 Nxe4 5. Qd5 Be7 6. Qxe4 d5 7. Qa4+ 
Nc6 8. Bb5 Bd7 9. Nc3 Nb4 10. Bg5 c6 11. O-O cxb5 12. Nxb5 O-O 13. Bxe7 
Qxe7 14. Nfd4 a5 15. c3 Nd3 16. Qa3 Qxe5 17. Qd6 Bxb5 18. Qxe5 Nxe5 19. 
Nxb5 Rfd8 20. Rad1 Rac8 21. Na7 Ra8 22. Nb5 Nc4 23. b3 Nb2 24. Rd2 Nc4 25.
 bxc4 dxc4 26. Rxd8+ Rxd8 27. Re1 {Black forfeited} 1-0

[Event "2021 Server Team Champ, S10530"]
[Site "CCLA"]
[Date "2021.10.15"]
[Round "?"]
[White "Avery, Bryce"]
[Black "Strelecky, Rich"]
[Result "1-0"]
[WhiteElo "1631"]
[BlackElo "1571"]
[Board "4"]
[WhiteTeam "Castles West"]
[BlackTeam "Pawntastics"]

1. c4 b6 2. Nc3 e6 3. d4 Bb7 4. a3 f5 5. d5 Bd6 6. g3 Nf6 7. Bg2 exd5 8. 
cxd5 c6 9. Nh3 O-O 10. O-O Kh8 11. Bg5 c5 12. Qd3 Be5 13. Qxf5 Bxc3 14. 
bxc3 d6 15. Nf4 Qd7 16. Ne6 Rf7 17. Qd3 Ba6 18. Qd2 Bb7 19. e4 Ba6 20. 
Rfe1 Ng4 21. f4 Bc4 22. h3 Nf6 23. Bxf6 Rxf6 24. e5 dxe5 25. Rxe5 Nc6 26. 
Re3 Na5 27. Rae1 Bb3 28. Nc7 Qxc7 29. Re8+ Rf8 30. Rxa8 Rxa8 31. d6 Qd8 
32. Bxa8 Bf7 33. Re7 Nc4 34. Qd3 Nxd6 35. Rxa7 Bc4 36. Qd2 Qb8 37. Rd7 Nf7
38. Bd5 Ng5 39. fxg5 Qxg3+ 40. Bg2 Be6 41. Rd8+ Bg8 42. Qd5 Qe3+ 43. Kh2 
Qf4+ 44. Kh1 Qc1+ 45. Qd1 Qxc3 46. Rxg8+ Kxg8 47. Qd8+ Kf7 48. g6+ Kxg6 
49. Qxb6+ Kh5 50. Qd6 Qa1+ 51. Kh2 Qxa3 52. Qe5+ Kh6 53. Qf4+ Kh5 54. Bf3+
Qxf3 55. Qxf3+ Kg5 56. Qd5+ Kf6 57. Qxc5 g5 58. h4 gxh4 59. Kh3 1-0

[Event "2021 Server Team Champ, S10530"]
[Site "CCLA"]
[Date "2021.10.15"]
[Round "?"]
[White "Strelecky, Rich"]
[Black "Avery, Bryce"]
[Result "1/2-1/2"]
[WhiteElo "1571"]
[BlackElo "1631"]
[Board "4"]
[WhiteTeam "Pawntastics"]
[BlackTeam "Castles West"]

1. g3 Nf6 2. Bg2 c6 3. Nf3 d5 4. O-O Bg4 5. d4 Nbd7 6. b3 e6 7. Ne5 Nxe5 
8. dxe5 Nd7 9. Bb2 Qc7 10. h3 Bh5 11. Qd2 Bc5 12. Qg5 Bg6 13. Nd2 O-O 14. 
c4 Rac8 15. cxd5 cxd5 16. Nf3 Qb6 17. Nh4 h6 18. Qg4 Bh7 19. Bxd5 exd5 20.
 e6 f6 21. exd7 Rc7 22. Rac1 Rd8 23. b4 Bf8 24. Bd4 Qd6 25. Rxc7 Qxc7 26. 
Bxf6 Rxd7 27. Bd4 b6 28. Be5 Qc6 29. Kh2 Rf7 30. Bf4 Qd7 31. Qxd7 Rxd7 32.
 Bd2 Rc7 33. Nf3 Rc2 34. a3 Ra2 35. Rd1 Rxa3 36. Be1 Be4 37. Nd4 Ra4 38. 
f3 Bg6 39. Nc6 Be8 40. b5 Ra2 41. Kg2 Rxe2+ 42. Kf1 Rb2 43. Rxd5 Bxc6 44. 
bxc6 Rc2 45. Rd7 Rxc6 46. Rxa7 Rc2 47. Ra8 Kf7 48. Ra7+ Kg6 1/2-1/2

[Event "2021 Server Team Champ, S10530"]
[Site "CCLA"]
[Date "2021.10.15"]
[Round "?"]
[White "Harris, Jarrod"]
[Black "Catania, Duane"]
[Result "1/2-1/2"]
[WhiteElo "1600"]
[BlackElo "1594"]
[Board "6"]
[WhiteTeam "Norsemen"]
[BlackTeam "Castles West"]

1. d4 e6 2. Nf3 d5 3. Bf4 Nf6 4. e3 Be7 5. Bd3 O-O 6. O-O c5 7. c3 Nc6 8. 
Qc2 a6 9. Nbd2 b5 10. Rfe1 Bb7 11. dxc5 Bxc5 12. e4 Ng4 13. Bg3 Rc8 14. 
exd5 Qxd5 15. Bxh7+ Kh8 16. Rad1 Qh5 17. Be4 Rfd8 18. h3 Nf6 19. Nb3 Nxe4 
20. Qxe4 Na5 21. Rxd8+ Rxd8 22. Qh4 Qxh4 23. Nxh4 Nxb3 24. axb3 Rd2 25. 
Rb1 Be4 26. Ra1 Bb7 27. Rb1 g5 28. Nf3 Rd5 29. b4 Bb6 30. Ne5 f6 31. Nf3 
Kg7 32. Nh2 Kg6 33. Re1 e5 34. Kf1 Rd2 35. Rb1 Be4 36. Nf3 Rd6 37. Ra1 Bc7
38. Ke2 Kf5 39. Bh2 Bc2 40. Rc1 Bd3+ 41. Ke1 Be4 42. Kf1 Bb6 43. Ke2 g4 
44. hxg4+ Kxg4 45. Nxe5+ fxe5 46. f3+ Bxf3+ 47. gxf3+ Kf5 48. Bg1 Bc7 49. 
Bc5 Rg6 50. Rb1 e4 51. fxe4+ Kxe4 52. Bd4 Rg2+ 53. Kf1 Rh2 54. Ra1 Kf3 55.
 Rxa6 Rxb2 56. Ra1 Rh2 57. Ra6 Rc2 58. Rf6+ Bf4 59. Re6 Rc1+ 60. Re1 Rc2 
61. Kg1 Rg2+ 62. Kh1 Rc2 63. Rf1+ Kg4 64. Kg1 Bg3 65. Kh1 Kh3 1/2-1/2

[Event "2021 Server Team Champ, S10530"]
[Site "CCLA"]
[Date "2021.10.15"]
[Round "?"]
[White "Harris, Jarrod"]
[Black "Williams, Rufus H."]
[Result "1-0"]
[WhiteElo "1600"]
[BlackElo "919"]
[Board "6"]
[WhiteTeam "Norsemen"]
[BlackTeam "Woodpushers"]

1. d4 d5 2. Nf3 Nf6 3. Bf4 Bf5 4. e3 c6 5. Bd3 e6 6. Bxf5 exf5 7. O-O Bd6 
8. Bxd6 Qxd6 9. Qd3 Ne4 10. Nh4 g6 11. Nd2 O-O 12. c4 Nd7 13. c5 b6 14. b4
bxc5 15. bxc5 Nexc5 16. dxc5 Nxc5 17. Qc3 Ne4 18. Nxe4 dxe4 19. Rfd1 Qc7 
20. Rac1 Rfc8 21. Qf6 Qb7 22. Rd6 a6 23. Rdxc6 Rxc6 24. Qxc6 Qxc6 25. Rxc6
Kf8 26. Rc7 Rb8 27. g3 Rb1+ 28. Kg2 Ra1 29. Rc2 a5 30. f3 exf3+ 31. Nxf3 
f6 32. Nd4 Rb1 33. Nc6 a4 34. h3 a3 35. Kf3 Rb2 36. Nd4 h6 37. Ke2 Ke7 38.
 Kd2 Rxc2+ 39. Nxc2 Kd6 40. Nxa3 Kc5 41. Kd3 g5 42. Nc4 h5 43. a4 h4 44. 
gxh4 g4 45. hxg4 fxg4 46. Nd2 Kb4 47. h5 g3 48. h6 g2 49. Nf3 1-0

[Event "2021 Server Team Champ, S10530"]
[Site "CCLA"]
[Date "2021.10.15"]
[Round "?"]
[White "Harris, Jarrod"]
[Black "Nurmi, Ronald"]
[Result "1-0"]
[WhiteElo "1600"]
[BlackElo "2076"]
[Board "6"]
[WhiteTeam "Norsemen"]
[BlackTeam "Pawntastics"]

1. d4 d5 2. Nf3 Nf6 3. Bf4 c5 4. e3 Nc6 5. Qd2 Bg4 6. Be2 e6 7. O-O Be7 8.
 h3 Ne4 9. Qd1 Bh5 10. c3 Qb6 11. Qc2 O-O 12. Nbd2 Nxd2 13. Qxd2 h6 14. 
Ne5 Bxe2 15. Qxe2 Rac8 16. Qg4 Nxe5 17. dxe5 f5 18. exf6 Rxf6 19. Be5 Rf7 
20. Bf4 Kh7 21. Qh5 Rcf8 22. Qe2 c4 23. Qc2+ Kh8 24. Be5 Bf6 25. Bd4 Bxd4 
26. exd4 Qd6 27. Qg6 Rf6 28. Qg4 Qc7 29. Rae1 Qb6 30. Re2 R8f7 31. Rfe1 
Re7 32. Qg3 Re8 33. Re5 Qc6 34. Qh4 Kg8 35. Qg4 Kf7 36. Qh5+ Rg6 37. R1e3 
1-0

[Event "2021 Server Team Champ, S10530"]
[Site "CCLA"]
[Date "2021.10.15"]
[Round "?"]
[White "Catania, Duane"]
[Black "Harris, Jarrod"]
[Result "1-0"]
[WhiteElo "1594"]
[BlackElo "1600"]
[Board "6"]
[WhiteTeam "Castles West"]
[BlackTeam "Norsemen"]

1. e4 d6 2. d4 Nf6 3. Bd3 g6 4. Ne2 Nbd7 5. O-O Bg7 6. c4 O-O 7. Nbc3 e5 
8. Bg5 exd4 9. Nxd4 Nc5 10. Bc2 Bg4 11. f3 Bd7 12. Rc1 Ne6 13. Nde2 Qc8 
14. Qd2 Nc5 15. b4 Ne6 16. Be3 Nd8 17. Rcd1 Nc6 18. a3 Be6 19. Nd5 Ne5 20.
 Bb3 a6 21. Ne7+ Kh8 22. Nxc8 1-0

[Event "2021 Server Team Champ, S10530"]
[Site "CCLA"]
[Date "2021.10.15"]
[Round "?"]
[White "Catania, Duane"]
[Black "Williams, Rufus H."]
[Result "1-0"]
[WhiteElo "1594"]
[BlackElo "919"]
[Board "6"]
[WhiteTeam "Castles West"]
[BlackTeam "Woodpushers"]

1. e4 e5 2. Nf3 Nc6 3. d4 Nf6 4. d5 Nd4 5. Nxd4 Nxe4 6. Nf3 f6 7. Bd3 Nc5 
8. Bc4 d6 9. Be3 Be7 10. Bxc5 O-O 11. Ba3 c6 12. O-O Kh8 13. Nbd2 c5 14. 
b4 cxb4 15. Bxb4 b6 16. Bd3 Bg4 17. h3 Bh5 18. c4 Qc8 19. Qe1 Qc7 20. Nh2 
a6 21. f4 a5 22. Bc3 Qc5+ 23. Kh1 a4 24. Qh4 g6 25. Rae1 Qa3 26. Nb1 Qc5 
27. g4 Qc7 28. gxh5 f5 29. Qg3 Rf6 30. fxe5 dxe5 31. Bxe5 Qc8 32. Bxf6+ 
Bxf6 33. hxg6 hxg6 34. Qxg6 1-0

[Event "2021 Server Team Champ, S10530"]
[Site "CCLA"]
[Date "2021.10.15"]
[Round "?"]
[White "Catania, Duane"]
[Black "Nurmi, Ronald"]
[Result "1-0"]
[WhiteElo "1594"]
[BlackElo "2076"]
[Board "6"]
[WhiteTeam "Castles West"]
[BlackTeam "Pawntastics"]

1. e4 c6 2. Nf3 d5 3. exd5 cxd5 4. d4 Nc6 5. c3 Nf6 6. Bd3 Bg4 7. O-O e6 
8. Re1 Bd6 9. h3 Bh5 10. Nbd2 O-O 11. Nf1 Qc7 12. Bg5 Nd7 13. b4 f6 14. 
Bd2 a6 15. Rxe6 b5 16. Ne3 Bf7 17. Nxd5 Qb8 18. Qe2 Re8 19. Rxe8+ Bxe8 20.
 Ne7+ Bxe7 21. Be4 Nxd4 22. Nxd4 Ra7 23. Nc6 1-0

[Event "2021 Server Team Champ, S10530"]
[Site "CCLA"]
[Date "2021.10.15"]
[Round "?"]
[White "Williams, Rufus H."]
[Black "Harris, Jarrod"]
[Result "0-1"]
[WhiteElo "919"]
[BlackElo "1600"]
[Board "6"]
[WhiteTeam "Woodpushers"]
[BlackTeam "Norsemen"]

1. d4 Nf6 2. c4 d6 3. Nc3 g6 4. e4 Bg7 5. Be3 O-O 6. Qd2 c6 7. O-O-O Qc7 
8. Kb1 Ng4 9. Bf4 e5 10. Bg3 exd4 11. Nce2 Ne5 12. Nxd4 Qb6 13. Rc1 Na6 
14. Ngf3 Nxf3 15. gxf3 Bxd4 16. Bxd6 Rd8 17. Ba3 Bxf2 18. Qc3 Be6 19. Be2 
Bc5 20. Bxc5 Qxc5 21. h4 Qf2 22. Qc2 Rd7 23. h5 Rad8 24. h6 Rd2 25. Qc3 
Qd4 26. Qxd4 R8xd4 27. Rhe1 Nc5 28. b3 Nd3 29. Bxd3 R4xd3 30. Rc2 Kf8 31. 
Rxd2 Rxd2 32. a3 Rh2 33. Rd1 Rxh6 34. Rd8+ Ke7 35. Rd1 Rh3 36. Rf1 h5 37. 
a4 Rh2 38. Ka1 Bh3 39. Rd1 Rf2 40. Rd3 Bg2 41. b4 Rxf3 42. Rxf3 Bxf3 43. 
e5 Ke6 44. Kb2 Kxe5 0-1

[Event "2021 Server Team Champ, S10530"]
[Site "CCLA"]
[Date "2021.10.15"]
[Round "?"]
[White "Williams, Rufus H."]
[Black "Catania, Duane"]
[Result "0-1"]
[WhiteElo "919"]
[BlackElo "1594"]
[Board "6"]
[WhiteTeam "Woodpushers"]
[BlackTeam "Castles West"]

1. d4 e6 2. e4 d5 3. exd5 exd5 4. Nf3 Nf6 5. Bg5 Bd6 6. Nc3 c6 7. Qd2 O-O 
8. O-O-O Nbd7 9. Be2 h6 10. Bxf6 Nxf6 11. h3 b5 12. Bd3 b4 13. Na4 Bd7 14.
 h4 Qc7 15. b3 Bf4 16. Qxf4 Qxf4+ 17. Kb1 Ne4 18. Bxe4 dxe4 19. Nc5 Bg4 
20. Rde1 exf3 21. g3 Qxd4 22. Nd3 Rfe8 23. Rhg1 Bf5 24. Rd1 Bxd3 25. Rxd3 
Qxf2 26. Rdd1 Re2 27. g4 Rxc2 0-1